00345nam a2200133Ia 4500003000400000008004100004020002700045040000800072100002000080245006300100260002600163300001000189365001200199LDD181029s9999 xx 000 0 und d a9780415372428cP 75.00 cLDD aAnderson, Linda 0aCreative writingba workbook with readingscLinda Anderson aOxonbRoutledgec2006 a664p. bP 75.00